000 00871cam a2200205 4500
001 WS114605
008 010917n 000 0 eng u
035 _a(Sirsi) u114605
245 _aIntergovernmental Panel on Climate Change
520 _aWeb site for this United Nations body set up to assess the scientific, technical and socio-economic information relevant for the understanding of the risk of climate change. Gives details of its working groups and their latest publication 'Climate Change 2001'.
650 _aUNITED NATIONS ENVIRONMENT PROGRAMME
650 _aINTERNATIONAL
650 _aCLIMATE CHANGE
650 _aLand use
_96251
650 _aFORESTRY
650 _aWORLD METEOROLOGICAL ORGANIZATION
690 _aENVIRONMENTAL AND LAND CONSULTANCY
856 4 0 _uhttps://www.ipcc.ch
_zView the website free of charge at www.ipcc.ch...
942 _n0
999 _c119885
_d119885